| 000 | 00604nam a22002057a 4500 | ||
|---|---|---|---|
| 005 | 20220314103314.0 | ||
| 008 | 220314b ||||| |||| 00| 0 eng d | ||
| 020 | _a9789355401823 | ||
| 040 | _cAL | ||
| 041 | _aEnglish | ||
| 082 |
_223 _a332.6 _bVINI |
||
| 100 |
_aYashmin Sofat Vinayak _923562 |
||
| 245 | _aInvesting in Stock Markets: II Sem B.Com | ||
| 260 |
_aLudhiana _bKalyani Publishers _c2022 |
||
| 300 |
_a336 p. _bPB _c24x18 cm. |
||
| 365 |
_a6351 _b₹200.00 _c₹ _d₹250.00 _e20% _f10-03-2022 |
||
| 650 |
_aInvesting _923563 |
||
| 700 |
_aVINAYAK (Yashmin Sofat) _923564 |
||
| 942 |
_2ddc _cBK |
||
| 999 |
_c221855 _d221855 |
||